[Event "POL-ch"]
[Site "?"]
[Date "1986.??.??"]
[Round "10"]
[White "Flis, Jacek"]
[Black "Pokojowczyk, Jerzy"]
[Result "1/2-1/2"]
[WhiteElo "2305"]
[BlackElo "2380"]

1.e4 c5 2.Nf3 d6 3.d4 Nf6 4.Nc3 cxd4 5.Nxd4 a6 6.g3 e5 7.Nb3 Be7 8.Bg2 Nbd7
9.O-O O-O 10.a4 b6 11.Nd2 Bb7 12.Nc4 Nc5 13.Bg5 Nfxe4 14.Bxe7 Qxe7 15.Nd5 Bxd5
16.Qxd5 Nf6 17.Qxd6 Qxd6 18.Nxd6 Rab8 19.Rfe1 Rfd8 20.Nc4 e4 21.b3 Kf8 22.Rad1 b5
23.axb5 axb5 24.Ne3 g6 25.Bf1 b4 26.Bc4 Ne6 27.Kg2 Nd4 28.Ra1 Nd7 29.Red1 Ne5
30.Bd5 Nb5 31.Bxe4 Nc3 32.Rxd8+ Rxd8 33.Ra8 Rxa8 34.Bxa8 Ke7 35.f4 Nd7 36.Kf2 Kd6
37.Nc4+ Kc5 38.Ke3 f6 39.Kd3 Nd1 40.Bf3 Nc3 41.Na5 Kb5 42.Bc6+ Kxa5 43.Bxd7 Nd1
44.Kd4 Kb6 45.Bg4 Nc3 46.Kc4 Na2 47.Kd5 Nc3+ 48.Kc4 Na2 49.Bf3 Kc7 50.Kc5 Kd7
51.Bg4+ Ke7 52.f5 Kf7 53.Kc4 Kg7 54.fxg6 hxg6 55.Bf3 f5 56.Kd4 Kf6 57.Kd5 g5
58.h3 Nc3+ 59.Kc4 Na2 60.Kd5 Nc3+ 61.Kc4 Na2 62.Kd4 f4 63.gxf4 Kf5 64.fxg5 Kxg5
65.Bg4 Nc3 66.Bd7 Na2 67.Ke3 Kh4 68.Kf4 Nc3 69.Kf3 Nb1 70.Bf5 Nc3 71.Kf4 Nd5+
72.Ke5 Nc3 73.Kd4 Kg5 74.Bd3 Kh4 75.Kc4 Na2 76.Bf5 Kg5 77.Bd7 Kh4 78.Kb5 Kh5
79.Ka4 Kg5 80.Bc8 Kh4 81.Bf5 Kg3 82.c4 bxc3 83.Ka3 Nc1 84.b4 Ne2 85.b5 c2
86.Bxc2 Nd4 87.b6 Nxc2+ 88.Ka4 Nd4 89.b7 Nc6 90.Kb5 Nb8  1/2-1/2

[Event "POL-chT"]
[Site "Porabka"]
[Date "1986.??.??"]
[Round "?"]
[White "Lipski, Tadeusz"]
[Black "Sajko, Czeslaw"]
[Result "0-1"]
[WhiteElo "2275"]
[BlackElo "2210"]

1.e4 c5 2.Nf3 d6 3.d4 cxd4 4.Nxd4 Nf6 5.Nc3 a6 6.g3 e5 7.Nde2 Be7 8.Bg2 O-O
9.O-O Nbd7 10.a4 b6 11.h3 Bb7 12.g4 Nc5 13.Ng3 Rc8 14.Be3 g6 15.Qd2 Re8 16.Bh6 Ne6
17.Rad1 Qc7 18.Nge2 Nd7 19.Rc1 Bf8 20.Be3 Rcd8 21.Nd5 Bxd5 22.exd5 Nec5 23.b3 Bg7
24.Kh1 Rc8 25.Ng3 b5 26.axb5 axb5 27.Rfd1 Ra8 28.Bf1 Qb7 29.b4 Ne6 30.Ne4 Nd4
31.Bg2 Qc7 32.Nc3 Qc4 33.Ne4 Ra6 34.g5 Nf5 35.Ng3 Nxg3+ 36.fxg3 Ra3 37.Rf1 Rf8
38.Ra1 Rc3 39.Rf2 e4 40.Ra7 Ne5 41.Bd4 Rxg3 42.Be3 Qc8 43.Qe2 Nf3 44.Qf1 Be5
45.Re7 Qf5 46.c4 Ra8 47.Rc2 Ra1 48.Rc1 Ra2  0-1

[Event "Varna"]
[Site "Varna"]
[Date "1986.??.??"]
[Round "?"]
[White "Grigorov, Jordan N"]
[Black "Vera, Reynaldo"]
[Result "0-1"]
[WhiteElo "2410"]
[BlackElo "2455"]

1.e4 c5 2.Nf3 d6 3.d4 cxd4 4.Nxd4 Nf6 5.Nc3 a6 6.g3 e5 7.Nde2 Nbd7 8.Bg2 b5
9.O-O Bb7 10.h3 Be7 11.g4 O-O 12.Ng3 Nc5 13.a3 g6 14.Bh6 Re8 15.Qd2 Ne6 16.Nf5 Bf8
17.Bxf8 Rxf8 18.Nxd6 Nd4  0-1

[Event "Vienna op"]
[Site "Vienna"]
[Date "1986.??.??"]
[Round "?"]
[White "Waller, Helmut"]
[Black "Hoelzl, Franz"]
[Result "0-1"]
[WhiteElo "2315"]
[BlackElo "2370"]

1.e4 c5 2.Nf3 d6 3.d4 cxd4 4.Nxd4 Nf6 5.Nc3 a6 6.g3 e5 7.Nde2 Be7 8.a4 Nc6
9.h3 Nb4 10.Bg2 d5 11.exd5 Bf5 12.O-O Nxc2 13.g4 Bg6 14.f4 exf4 15.Bxf4 Bc5+
16.Kh1 Nxa1 17.Qxa1 Bd6 18.Bxd6 Qxd6 19.Qc1 O-O 20.Nf4 Rfe8 21.Nxg6 hxg6
22.Qf4 Rad8 23.Qf2 Rd7 24.Qf4 Re1 25.Qxd6 Rxf1+ 26.Bxf1 Rxd6 27.Bc4 Kf8 28.Kg2 Ke7
29.Kf3 g5 30.b3 Rd8 31.Ke3 Kd6 32.Kd4 Re8 33.b4 Re1 34.b5 a5 35.b6 Rh1 36.Nb5+ Kd7
37.Bd3 g6 38.Na7 Rd1 39.Kc4 Nxd5 40.Be2 Rd2 41.Bf3 Nxb6+ 42.Kc3 Rh2 43.Bxb7 Nxa4+
44.Kd4 Rb2 45.Bc6+ Kd6 46.Be8 Rb4+ 47.Kd3 Nc5+ 48.Kc2 Rb7 49.Nb5+ Ke5 50.Nc3  0-1

[Event "FRG-ch"]
[Site "Bad Neuenahr"]
[Date "1987.??.??"]
[Round "?"]
[White "Schoenthier, Frank"]
[Black "Schulz, Klaus Juergen"]
[Result "1-0"]
[WhiteElo "2315"]
[BlackElo "2440"]

1.e4 c5 2.Nf3 d6 3.d4 cxd4 4.Nxd4 Nf6 5.Nc3 a6 6.g3 e6 7.Bg2 Be7 8.O-O O-O
9.Re1 Qc7 10.Be3 Re8 11.a4 Nfd7 12.a5 Nc6 13.Nb3 Nce5 14.Na4 Nc4 15.Bd4 e5
16.Bc3 Nf6 17.Bf1 Be6 18.Bxc4 Bxc4 19.Nb6 Rad8 20.Nxc4 Qxc4 21.Nd2 Qc6 22.Qe2 d5
23.Bxe5 dxe4 24.Nxe4 Nd7 25.Bc3 Bf8 26.Qg4 Ne5 27.Qf5 f6 28.Rad1 Rd5 29.Rxd5 Qxd5
30.Ng5 g6 31.Qxf6 Bg7 32.Qf4 h6 33.Ne4 g5 34.Qf5 Kh8 35.Bxe5 Rxe5 36.Qg6 Qxa5
37.Rd1 Rd5 38.Qe8+ Kh7 39.Nf6+ Bxf6 40.Qf7+ Bg7 41.Qxd5 Qb4 42.Qd3+ Kh8 43.b3 Qc5  1-0

[Event "Banja Vrucica"]
[Site "Banja Vrucica"]
[Date "1987.??.??"]
[Round "9"]
[White "Milovanovic, Rade"]
[Black "Cvijic, Nevenko"]
[Result "1-0"]
[WhiteElo "2430"]
[BlackElo "2275"]

1.e4 c5 2.Nf3 a6 3.Nc3 d6 4.d4 cxd4 5.Nxd4 Nf6 6.g3 e6 7.Bg2 Be7 8.O-O O-O
9.a4 Qc7 10.g4 Nc6 11.Nxc6 bxc6 12.g5 Ne8 13.f4 g6 14.Ne2 d5 15.e5 Ng7 16.Ng3 Bb7
17.h4 Nf5 18.Nxf5 exf5 19.b3 Rad8 20.Bb2 d4 21.Qd3 c5 22.Bxb7 Qxb7 23.Qc4 Qc6
24.Rad1 Qe6 25.Qxe6 fxe6 26.Kf2 d3 27.c4 Rd7 28.Bc3 Rb8 29.Rb1 Rdb7 30.Ke3 Rxb3
31.Rxb3 Rxb3 32.Kxd3 h5 33.Kc2 Rb7 34.Rd1 Kf7 35.Ba5 Ke8 36.Kc3 Rd7 37.Rb1 Rd4
38.Rb6 Kd7 39.Rxa6 Rxf4 40.Ra7+ Ke8 41.Bb6 Rxh4 42.a5 Rh3+ 43.Kb2 Rh2+ 44.Kb3 Rh1
45.Ka2 Rh2+ 46.Kb3 Rh1 47.Kb2 Rh2+ 48.Kb1 Rh1+ 49.Kc2 Rh2+ 50.Kd3 Rh3+ 51.Kc2 Rh2+
52.Kc3 Rh3+ 53.Kb2 Rh2+ 54.Ka3 Rh1 55.a6 Rb1 56.Ra8+ Kf7 57.a7 Rxb6 58.Rf8+ Bxf8
59.a8=Q Rb4 60.Qd8 Be7 61.Qh8 Bxg5 62.Qh7+ Kf8 63.Qxg6 Bc1+ 64.Ka2 Rb6 65.Qf6+ Ke8
66.Qh8+ Kd7 67.Qg7+ Kc8 68.Qa7 Rb7 69.Qxc5+ Rc7 70.Qd6 Be3 71.Qxe6+ Kb7 72.Qxf5 Bc5
73.Qxh5 Ka7 74.Kb3 Kb7 75.Qf3+ Kc8 76.Ka4 Be7 77.Kb5 Rc5+ 78.Kb6 Rc7 79.Qa8+ Kd7  1-0

[Event "Dortmund-B"]
[Site "Dortmund"]
[Date "1987.??.??"]
[Round "?"]
[White "Ostojic, Predrag"]
[Black "King, Daniel J"]
[Result "1-0"]
[WhiteElo "2385"]
[BlackElo "2475"]

1.e4 c5 2.Nf3 d6 3.d4 cxd4 4.Nxd4 Nf6 5.Nc3 a6 6.g3 e5 7.Nde2 b5 8.Bg2 Bb7
9.O-O Nbd7 10.h3 Be7 11.g4 O-O 12.Ng3 Nc5 13.a3 Re8 14.Be3 g6 15.Qd2 Rc8
16.Rad1 Ne6 17.Rfe1 Rc4 18.b3 Rc8 19.Nd5 Nxd5 20.exd5 Nf4 21.Bxf4 exf4 22.Qxf4 Rxc2
23.Qe3 Rc8 24.Ne4 Bf8 25.Qa7 Rb8 26.g5 Bg7 27.Nf6+ Bxf6 28.gxf6 Qd7 29.Rc1 h6
30.Re7 Rxe7 31.Qxb8+ Qe8 32.Qxd6 Rd7 33.Qf4 Qd8 34.Qxh6 Qxf6 35.Re1 Rd8 36.Qd2 Kg7
37.b4 Rd6 38.Re3 Bc8 39.Qc3 Bf5 40.Kf1 Bb1 41.Qd2 Rd8 42.Rc3 Ba2 43.Kg1 Bc4
44.Re3 Rd6 45.Re1 Kh7 46.f4 Rd8 47.Re5 Kg7 48.Kh2 Rd6 49.Kg3 Rd8 50.Qe3 Rd6
51.h4 Rd8 52.h5 gxh5 53.Rg5+ Kf8 54.Qc5+ Qd6 55.Rxh5 Kg7 56.Qd4+ f6 57.Be4 Kg8
58.Kg4  1-0

[Event "HUN-ch op"]
[Site "Eger"]
[Date "1987.??.??"]
[Round "?"]
[White "Malisauskas, Vidmantas"]
[Black "Rashkovsky, Nukhim N"]
[Result "0-1"]
[WhiteElo "2325"]
[BlackElo "2470"]

1.e4 c5 2.Nf3 d6 3.d4 cxd4 4.Nxd4 Nf6 5.Nc3 a6 6.g3 e5 7.Nde2 Be7 8.Bg2 O-O
9.a4 b6 10.h3 Bb7 11.g4 b5 12.Ng3 b4 13.Nd5 Nxd5 14.exd5 a5 15.O-O Bg5 16.f4 exf4
17.Bxf4 Bxf4 18.Rxf4 Nd7 19.Qd4 Ne5 20.c4 bxc3 21.Qxc3 Rc8 22.Qb3 Ba6 23.Nf5 g6
24.Nd4 Rb8 25.Qc3 Rb4 26.Rd1 Qb6 27.b3 Rc8 28.Qe3 Rc5 29.Rf6 Bb7 30.Qf2 Bxd5
31.Nf5 Be6 32.Rxd6 Rc1+ 33.Kh2 Nf3+ 34.Qxf3 Qg1+ 35.Kg3 Qe1+ 36.Kh2 Qg1+
37.Kg3 Qe1+ 38.Kh2 Qe5+ 39.Qg3 Qxf6 40.Ra6 Rc8 41.Nd6 Rxb3 42.Ne4 Qb2 43.Qf4 Rc2
44.Nf6+ Kh8 45.Ra8+ Bc8 46.Qe4 Rxg2+ 47.Qxg2 Qe5+  0-1

[Event "DSV-Turnier"]
[Site "Halle"]
[Date "1987.??.??"]
[Round "?"]
[White "Tischbierek, Raj"]
[Black "Gelfand, Boris"]
[Result "1-0"]
[WhiteElo "2480"]
[BlackElo "2510"]

1.e4 c5 2.Nf3 d6 3.d4 cxd4 4.Nxd4 Nf6 5.Nc3 a6 6.g3 e5 7.Nb3 Be7 8.Bg2 b5
9.a4 Bb7 10.axb5 axb5 11.Rxa8 Bxa8 12.O-O b4 13.Nd5 Nxd5 14.exd5 Nd7 15.Qg4 O-O
16.Qxb4 Qc7 17.c4 Rb8 18.Qc3 f5 19.Rd1 Nb6 20.Na5 e4 21.Nc6 Bxc6 22.dxc6 Qxc6
23.b3 d5 24.Qe5 Qd6 25.Qxf5 Rf8 26.Qh5 Qc5 27.Be3 d4 28.Qxc5 Bxc5 29.Rxd4 Bxd4
30.Bxd4 Rb8 31.Bxe4 Nc8 32.Bd5+ Kf8 33.Bc5+ Ke8 34.b4 Nb6 35.Bc6+ Kd8 36.Bxb6+ Rxb6
37.b5 Kc7 38.Kg2 Kd6 39.f4 Kc5 40.Bd5 Kd4 41.Kf3 Rf6 42.g4 g5 43.f5 Rh6 44.Kg3 Kc5
45.Be6 Rh4 46.Bg8 Rh6 47.Bf7 Rf6 48.Bd5 Rh6 49.Kf3 Kd4 50.h4 Rxh4 51.b6 Rh6
52.b7 Rb6 53.Kg3 Ke5 54.c5 Rb5 55.f6  1-0

[Event "POL-chT"]
[Site "Jachranka"]
[Date "1987.??.??"]
[Round "3"]
[White "Flis, Jacek"]
[Black "Bernard, Ryszard"]
[Result "0-1"]
[WhiteElo "2330"]
[BlackElo "2350"]

1.e4 c5 2.Nf3 d6 3.d4 cxd4 4.Nxd4 Nf6 5.Nc3 a6 6.g3 Nc6 7.Bg2 Bd7 8.O-O e6
9.b3 Be7 10.Bb2 O-O 11.a4 Rc8 12.Nce2 e5 13.Nxc6 Bxc6 14.Nc3 b5 15.axb5 axb5
16.Qd3 Qb6 17.Nd5 Nxd5 18.exd5 Bd7 19.Kh1 Qc5 20.Rac1 b4 21.Qd2 Rfe8 22.f4 Bf6
23.fxe5 Bxe5 24.Bxe5 Rxe5 25.Rf4 Rce8 26.Rc4 Qa5 27.h4 Qa7 28.Qd4 Qa5 29.Rxb4 Re2
30.Qb6 Qa3 31.Rf1 Rxc2 32.Qxd6 Rf8 33.Qf4 Qb2 34.Bf3 Bh3 35.Re1 Rh2+ 36.Kg1 Qf2+  0-1

[Event "SWE-ch"]
[Site "Stockholm"]
[Date "1987.??.??"]
[Round "?"]
[White "Hartman, Christer"]
[Black "Wessman, Richard"]
[Result "1-0"]
[WhiteElo "2315"]
[BlackElo "2245"]

1.e4 c5 2.Nf3 d6 3.d4 cxd4 4.Nxd4 Nf6 5.Nc3 a6 6.g3 e6 7.Bg2 Be7 8.O-O O-O
9.Be3 Qc7 10.Qe2 Nc6 11.a4 Bd7 12.Rad1 Nxd4 13.Bxd4 Bc6 14.Rfe1 Rfe8 15.b3 e5
16.Be3 Rac8 17.Bh3 Bxe4 18.Bxc8 Qxc3 19.Bh3 Qxc2 20.Bg2 Qxb3 21.Bxe4 Nxe4
22.Rb1 Qd5 23.Qf3 Rc8 24.Red1 Qc6 25.Rb6 Qxa4 26.Rxb7 Bf6 27.Rdb1 d5 28.Rb8 Qe8
29.Rxc8 Qxc8 30.Ba7 Qc7 31.Rb8+ Bd8 32.Qf5 g6 33.Qc8 Qxa7 34.Qxd8+ Kg7 35.Qf8+ Kf6
36.Qd8+ Kf5 37.Qc8+ Kg5 38.Qd8+ f6 39.Rb6 Qf7 40.f3 Nd2 41.Kg2 d4 42.h4+ Kh6
43.Rxf6 Qg7 44.Rd6 Nxf3 45.Rd7 Qxd7 46.Qxd7 e4 47.Kf2 d3 48.Ke3 Ne5 49.Qe6 Nf3
50.Qxe4 d2 51.Qxf3  1-0

[Event "Trnava"]
[Site "Trnava"]
[Date "1987.??.??"]
[Round "?"]
[White "Kindermann, Stefan"]
[Black "Stohl, Igor"]
[Result "1-0"]
[WhiteElo "2520"]
[BlackElo "2465"]

1.e4 c5 2.Nf3 d6 3.d4 cxd4 4.Nxd4 Nf6 5.Nc3 a6 6.g3 e5 7.Nde2 b5 8.Bg2 Bb7
9.h3 Be7 10.g4 Nbd7 11.Ng3 O-O 12.O-O b4 13.Nd5 Nxd5 14.exd5 g6 15.Bh6 Re8
16.Qd2 a5 17.f4 Bh4 18.Ne4 Nf6 19.Nxf6+ Bxf6 20.f5 g5 21.Be4 Kh8 22.Kh2 Rc8
23.Qe3 Rc5 24.Rfd1 Rg8 25.a3 Qb6 26.Kh1 Bd8 27.f6 Bxf6 28.Qf3 Qd8 29.Rf1 Rc4
30.axb4 Rxe4 31.Qxe4 Rg6 32.bxa5 Rxh6 33.a6 Ba8 34.Ra3 Qb6 35.b4 Qb5 36.Rd1 Bd8
37.Rf3 Kg7 38.c4 Qxa6 39.c5 Qa4 40.Rdf1 f6 41.c6 Bb6 42.Rc1 Qa2 43.Rd1 Bd4
44.Rxd4 exd4 45.Qxd4 Qb1+ 46.Kg2 Bxc6 47.dxc6 Qc2+ 48.Kg3 Qxc6 49.Rc3 Qb7
50.Qxd6 Qe4 51.Qd7+ Kg6 52.Qd3 Qxd3+ 53.Rxd3 Kf7 54.b5 Rg6 55.b6 f5 56.Rd7+ Ke6
57.b7 Rg8 58.Rxh7 f4+ 59.Kf3 Kd6 60.Rf7 Kc6 61.Re7 Rh8 62.Rh7  1-0

[Event "Warsaw zt-A"]
[Site "Warsaw"]
[Date "1987.??.??"]
[Round "?"]
[White "Radulov, Ivan"]
[Black "Kuczynski, Robert"]
[Result "1-0"]
[WhiteElo "2430"]
[BlackElo "2450"]

1.e4 c5 2.Nf3 d6 3.d4 cxd4 4.Nxd4 Nf6 5.Nc3 a6 6.g3 e5 7.Nb3 Be7 8.Bg2 O-O
9.O-O Qc7 10.a4 Be6 11.Nd5 Nxd5 12.exd5 Bf5 13.c3 Nd7 14.a5 h6 15.Be3 Bg5
16.Qd2 Bxe3 17.fxe3 Bg6 18.Ra3 f5 19.Qe2 Rac8 20.Ra4 Nc5 21.Rb4 Be8 22.Nxc5 Qxc5
23.Qf2 Bb5 24.Ra1 Rc7 25.Kh1 Rcf7 26.Qd2 Kh8 27.Re1 Qc7 28.Ra1 Bd7 29.Qe2 Bc8
30.Qc4 Qd8 31.Qh4 Rf6 32.Rb6 Qc7 33.Qb4 f4 34.exf4 exf4 35.gxf4 Rxf4 36.Qxd6 Qc4
37.Rg1 Rf2 38.Rb4 Qe2 39.Qg3 h5 40.Re4 Qd2 41.Bf3 Bg4 42.Bxg4 hxg4 43.Rd4 Qg5
44.Qxg4 Qxg4 45.Rdxg4 Rxb2 46.Rxg7 Rd2 47.R7g5 Rf7 48.c4 Rc2 49.R5g4 Rd7
50.d6 Rd2 51.c5 Rd5 52.Rg5 Rd2 53.Rh5+  1-0

[Event "GMA-Open"]
[Site "Belgrade"]
[Date "1988.??.??"]
[Round "?"]
[White "Marinkovic, Ivan"]
[Black "Vuruna, Miodrag"]
[Result "1-0"]
[WhiteElo "2420"]
[BlackElo "2320"]

1.e4 c5 2.Nf3 d6 3.d4 cxd4 4.Nxd4 Nf6 5.Nc3 a6 6.g3 g6 7.Bg2 Bg7 8.O-O O-O
9.h3 Bd7 10.a4 Nc6 11.Nde2 Rb8 12.Nd5 b5 13.axb5 axb5 14.Be3 Ne8 15.Nd4 b4
16.Qd2 b3 17.c3 Nc7 18.Nxc6 Bxc6 19.Ra7 Nxd5 20.exd5 Bb5 21.Re1 Re8 22.Bg5 Bd7
23.h4 Be5 24.h5 Qc8 25.hxg6 hxg6 26.Be3 Ra8 27.Rxa8 Qxa8 28.Bd4 Bf6 29.c4 Bf5
30.Qc3 Bxd4 31.Qxd4 Qa5 32.Re3 Qa4 33.Bf1 Bc2 34.g4 Qa1 35.g5 Qe1 36.f4 e5
37.dxe6 fxe6 38.Rh3 e5 39.Qd5+ Kf8 40.Qxd6+ Re7 41.Rh8+  1-0

[Event "Bern"]
[Site "Bern"]
[Date "1988.??.??"]
[Round "?"]
[White "Gobet, Fernand"]
[Black "King, Daniel J"]
[Result "0-1"]
[WhiteElo "2350"]
[BlackElo "2475"]

1.e4 c5 2.Nf3 d6 3.d4 cxd4 4.Nxd4 Nf6 5.Nc3 a6 6.g3 e5 7.Nb3 Be7 8.Bg2 O-O
9.O-O Be6 10.Nd5 Nxd5 11.exd5 Bf5 12.a4 Nd7 13.a5 Rc8 14.c3 Bg5 15.Bxg5 Qxg5
16.Qc1 Qg6 17.Qe3 Bc2 18.Nd2 f5 19.c4 f4 20.Qa7 Nc5 21.b4 Nb3 22.Nxb3 Bxb3
23.Qxb7 Bxc4 24.Rfc1 Qf5 25.Rxc4 Rxc4 26.Qxa6 Rxb4 27.Qxd6 Rb1+ 28.Rxb1 Qxb1+
29.Bf1 Qf5 30.Qe6+ Qxe6 31.dxe6 Rc8 32.gxf4 exf4 33.Be2 Rc3 34.Kg2 Ra3 35.a6 Kf8
36.Bc4 Ke7 37.f3 Ra4 38.Bb5 Ra5 39.Bc4 h5 40.h4 Kd6 41.Kf2 Rc5 42.Bd3 Kxe6
43.Ke2 Ke5 44.Be4 Ra5 45.Bb7 Kd4 46.Kd2 Ra2+ 47.Ke1 Ke5 48.Kf1 Kf6 49.Ke1 g5
50.Bc8 gxh4 51.Kf1 h3  0-1

[Event "Groningen op"]
[Site "Groningen"]
[Date "1988.??.??"]
[Round "?"]
[White "Pliester, Leon"]
[Black "Kuczynski, Robert"]
[Result "0-1"]
[WhiteElo "2390"]
[BlackElo "2485"]

1.e4 c5 2.Nf3 d6 3.d4 cxd4 4.Nxd4 Nf6 5.Nc3 a6 6.g3 e5 7.Nde2 b5 8.Bg2 Bb7
9.h3 Nbd7 10.g4 b4 11.Nd5 Nxd5 12.exd5 Be7 13.O-O O-O 14.Ng3 Re8 15.Be3 Nb6
16.Qd3 Qc7 17.Qb3 a5 18.c3 Nc4 19.cxb4 Nxe3 20.fxe3 axb4 21.Qxb4 Ba6 22.Rfc1 Qa7
23.Qd2 g6 24.Rc3 Rec8 25.Rac1 Rxc3 26.Rxc3 Rc8 27.Ne4 Rxc3 28.Qxc3 Bb5 29.a3 Bd7
30.Kh2 f5 31.gxf5 gxf5 32.Ng3 Bg5 33.Nh5 Kf7 34.e4 f4 35.Qf3 Kg6 36.Qe2 Kh6
37.Bf3 Be8 38.a4 Qxa4 39.Qg2 Bxh5 40.Bxh5 Kxh5  0-1

[Event "URS-FL56"]
[Site "Klaipeda"]
[Date "1988.??.??"]
[Round "?"]
[White "Kholmov, Ratmir D"]
[Black "Lukin, Andrei M"]
[Result "1/2-1/2"]
[WhiteElo "2475"]
[BlackElo "2430"]

1.e4 c5 2.Nf3 d6 3.d4 cxd4 4.Nxd4 Nf6 5.Nc3 a6 6.g3 e5 7.Nde2 Be7 8.Bg2 Nbd7
9.a4 b6 10.h3 Bb7 11.g4 O-O 12.Ng3 Rc8 13.O-O Nc5 14.Be3 Rc7 15.g5 Nfd7 16.h4 g6
17.Nd5 Bxd5 18.exd5 f5 19.gxf6 Nxf6 20.Bh6 Rf7 21.h5 Nxh5 22.Nxh5 gxh5 23.Qxh5 Bf8
24.Bg5 Be7 25.Bh6 Bf8 26.Bg5  1/2-1/2

[Event "Lyon"]
[Site "Lyon"]
[Date "1988.??.??"]
[Round "?"]
[White "Santo Roman, Marc"]
[Black "Renet, Olivier"]
[Result "0-1"]
[WhiteElo "2435"]
[BlackElo "2460"]

1.e4 c5 2.Nf3 d6 3.d4 cxd4 4.Nxd4 Nf6 5.Nc3 a6 6.g3 e5 7.Nde2 Be7 8.Bg2 Nbd7
9.a4 Rb8 10.a5 b5 11.axb6 Qxb6 12.h3 Nc5 13.O-O O-O 14.Na4 Nxa4 15.Rxa4 Bb7
16.Nc3 Rfc8 17.Qe2 h6 18.Bd2 Qc7 19.Rfa1 Bc6 20.R4a2 Bb5 21.Qe3 Qd7 22.b3 Bd8
23.Nd5 Nxd5 24.exd5 Bb6 25.Qe1 Qf5 26.c4 Be8 27.Rxa6 Bd4 28.Bc3 Rxb3 29.Bxd4 exd4
30.Rxd6 Kf8 31.Kh2 Rb2 32.c5 Rxf2 33.Kg1 Rb2 34.c6 d3 35.Rd1 Re2 36.Qf1 Qe5
37.Re6 Qd4+ 38.Kh1 Rf2 39.Qxd3 Qxd3 40.Rxe8+ Rxe8 41.Rxd3 Re1+ 42.Kh2 Ree2
43.c7 Rxg2+ 44.Kh1 Rh2+ 45.Kg1 Reg2+ 46.Kf1 Rc2 47.Kg1 Rhe2 48.Kf1 Rh2 49.Kg1 Rhg2+
50.Kf1 Rxg3 51.Rxg3 Rxc7 52.Ra3 Ke7 53.Ke2 Kd6 54.Ra5 Rc4 55.Kf3 Rc5 56.Ra7 Rc7
57.Ra5 Ke5 58.Kg4 Rd7 59.Rb5 Rxd5 60.Rb7 Ke6 61.Ra7 g6 62.Rb7 Rd4+ 63.Kg3 Rd3+
64.Kg2 Re3 65.Ra7 Kf6 66.Rb7 g5 67.Rb6+ Re6 68.Rb8 Kg6 69.Rg8+ Kh7 70.Ra8 f5
71.Rf8 Kg6 72.Kf3 Rf6 73.Ra8 Kh5  0-1

[Event "Montpellier"]
[Site "Montpellier"]
[Date "1988.??.??"]
[Round "3"]
[White "Santo Roman, Marc"]
[Black "Sahovic, Dragutin"]
[Result "0-1"]
[WhiteElo "2435"]
[BlackElo "2460"]

1.e4 c5 2.Nf3 d6 3.d4 cxd4 4.Nxd4 Nf6 5.Nc3 a6 6.g3 e6 7.Bg2 Be7 8.O-O O-O
9.a4 Qc7 10.a5 Nc6 11.Nb3 Ne5 12.h3 Nc4 13.Qe2 Bd7 14.Rd1 Rac8 15.Bf1 e5
16.Qe1 h6 17.Kh2 Rfe8 18.Rd3 Qb8 19.Nd2 Be6 20.b3 Nxd2 21.Bxd2 Rc6 22.Ra2 Rec8
23.Bg2 Qc7 24.Qe2 Rc5 25.Qe1 Bd8 26.Qd1 Qc6 27.Nd5 Rxc2 28.Nb4 Rxa2 29.Nxc6 Rxc6
30.Be3 Bc7 31.Rd2 Rxa5 32.Rb2 Ra3 33.b4 b5 34.Qd2 Bc4  0-1

[Event "URS-ch sf"]
[Site "Moscow"]
[Date "1988.??.??"]
[Round "2"]
[White "Kholmov, Ratmir D"]
[Black "Janovsky, Sergey"]
[Result "1/2-1/2"]
[WhiteElo "2450"]
[BlackElo "2400"]

1.e4 c5 2.Nf3 d6 3.d4 cxd4 4.Nxd4 Nf6 5.Nc3 a6 6.g3 e5 7.Nde2 b5 8.Bg2 Bb7
9.h3 Nbd7 10.g4 b4 11.Nd5 Nxd5 12.exd5 Be7 13.a3 a5 14.O-O O-O 15.Ng3 Nb6
16.Nf5 Re8 17.b3 a4 18.Qd2 axb3 19.cxb3 bxa3 20.Rxa3 Bf8 21.Ne3 Qc7 22.Bb2 Qb8
23.Rfa1 Rc8 24.Rxa8 Bxa8 25.Qb4 g6 26.Ra6 Nd7 27.Qxb8 Rxb8 28.Ba3 Bb7 29.Ra7 Nb6
30.Bb4 Nc8 31.Ra4 Nb6 32.Ra5 Be7 33.Ba3 Kf8 34.Rb5 Ba6 35.Rb4 Ke8 36.Bf1 Bxf1
37.Kxf1 Kd7 38.Rb5 Kc7 39.Bb4 Nd7 40.Rxb8 Kxb8 41.Ke2 Kc7 42.Kd3 Bg5 43.Nc4 Be7
44.f3 Nf6 45.Ne3 Nd7 46.Nd1 Kb6 47.Kc4 Nf6 48.Bd2 Ne8 49.Bh6 Bh4 50.Nc3 Be7
51.b4 Kb7 52.Ne4 Kb6 53.Bg5 f6 54.Bh4 Kb7 55.b5 Bd8 56.Kb4 Ka7 57.Bf2+ Kb7
58.Nd2 Nc7 59.Kc4 Ne8 60.Ne4 Bc7 61.g5 fxg5 62.Nxg5 Nf6 63.Bh4 Kc8 64.Ne6 Nd7
65.Kd3 Kb7 66.Be7 Nb6 67.Ke4 Na4  1/2-1/2

[Event "Oakham YM"]
[Site "Oakham"]
[Date "1988.??.??"]
[Round "?"]
[White "Bellini, Fabio"]
[Black "Hepworth, Mandy"]
[Result "1-0"]
[WhiteElo "2300"]
[BlackElo "2125"]

1.e4 c5 2.Nf3 d6 3.d4 cxd4 4.Nxd4 Nf6 5.Nc3 a6 6.g3 g6 7.Bg2 Bg7 8.O-O O-O
9.Re1 Qc7 10.Bg5 Nbd7 11.Nd5 Nxd5 12.exd5 Nf6 13.Qd2 Re8 14.Rac1 Qc4 15.b3 Qc5
16.Be3 Qc7 17.h3 e5 18.dxe6 fxe6 19.c4 Qf7 20.Ne2 d5 21.cxd5 Nxd5 22.Bd4 Rf8
23.Nc3 Nxc3 24.Rxc3 Rd8 25.Rd3 Qf5 26.Rd1 e5 27.Bb6 Rxd3 28.Qxd3 Qxd3 29.Rxd3 Bf5
30.Bxb7 Bxd3 31.Bxa8 Kf7 32.f3 Ke6 33.Kf2 Bh6 34.h4 Bd2 35.Be4 Bxe4 36.fxe4 h5
37.Ke2 Bb4 38.Be3 Kd6 39.Bd2 Bc5 40.Be1 Bd4 41.Kd3 Bc5 42.b4 Bb6 43.Kc4 Kc6
44.a4 Kd6 45.a5 Bd4 46.b5 axb5+ 47.Kxb5 Kc7 48.a6 Kb8 49.Kc4 Bb6 50.Bc3 Bc7
51.Kd5 Ka7 52.Bxe5 Bd8 53.Bf4  1-0

[Event "World op"]
[Site "Philadelphia"]
[Date "1988.??.??"]
[Round "?"]
[White "Ivanov, Alexander"]
[Black "Browne, Walter S"]
[Result "0-1"]
[WhiteElo "2420"]
[BlackElo "2530"]

1.e4 c5 2.Nf3 d6 3.d4 cxd4 4.Nxd4 Nf6 5.Nc3 a6 6.g3 e5 7.Nde2 Be6 8.Bg2 Nbd7
9.a4 Rc8 10.O-O Be7 11.h3 O-O 12.b3 Qc7 13.a5 Nc5 14.Be3 Rfd8 15.g4 h6 16.Nd5 Bxd5
17.exd5 Nh7 18.c4 Bg5 19.Bxg5 Nxg5 20.Ng3 Qe7 21.b4 Nd7 22.Rc1 g6 23.Qd2 Kg7
24.f4 exf4 25.Rxf4 Ne5 26.Qd4 Kg8 27.c5 dxc5 28.bxc5 Nc6 29.Qd2 Qc7 30.d6 Qxa5
31.Qf2 Ne5 32.Qe3 Re8 33.Ne4 Nd7 34.Kh1 Re6 35.Qd3 Nxe4 36.Rxe4 Rxc5 37.Rf1 Qc3
38.Qe2 Rce5 39.Qf2  0-1

[Event "ROM-ch"]
[Site "Predeal"]
[Date "1988.??.??"]
[Round "13"]
[White "Stoica, Valentin"]
[Black "Stefanov, Parik"]
[Result "1-0"]
[WhiteElo "2445"]
[BlackElo "2495"]

1.e4 c5 2.Nf3 d6 3.d4 cxd4 4.Nxd4 Nf6 5.Nc3 a6 6.g3 e5 7.Nb3 Nbd7 8.a4 b6
9.Bg2 Bb7 10.O-O Rc8 11.Re1 Be7 12.Nd2 Rc5 13.Nf1 Qa8 14.g4 Rxc3 15.bxc3 Nxe4
16.Ng3 Nxg3 17.Bxb7 Qxb7 18.hxg3 O-O 19.Ba3 Rd8 20.c4 h6 21.Qe2 Rc8 22.Rab1 Qc6
23.Red1 Nf6 24.a5 bxa5 25.c5 Ne4 26.cxd6 Bf6 27.d7 Rd8 28.Qf3 Qc4 29.Qd3 Qc6
30.c4 Ng5 31.Qd5 Qa4 32.Bc5 e4 33.Bb6 Qc2 34.Kg2 Qe2 35.Rb3 a4 36.Re3 Qxg4
37.Bxd8 Bxd8 38.Rh1 Kf8 39.Rh4 Qe6 40.Rexe4  1-0

[Event "Royan"]
[Site "Royan"]
[Date "1988.??.??"]
[Round "?"]
[White "Santo Roman, Marc"]
[Black "Andruet, Gilles"]
[Result "1/2-1/2"]
[WhiteElo "2435"]
[BlackElo "2430"]

1.e4 c5 2.Nf3 d6 3.d4 cxd4 4.Nxd4 Nf6 5.Nc3 a6 6.g3 e6 7.Bg2 Qc7 8.O-O Be7
9.Qe2 O-O 10.Nd1 Nc6 11.Nxc6 bxc6 12.c4 d5 13.exd5 exd5 14.Bf4 Bd6 15.Bxd6 Qxd6
16.cxd5 cxd5 17.Ne3 Rb8 18.Rfd1 Be6  1/2-1/2

[Event "Royan"]
[Site "Royan"]
[Date "1988.??.??"]
[Round "?"]
[White "Santo Roman, Marc"]
[Black "Renet, Olivier"]
[Result "0-1"]
[WhiteElo "2435"]
[BlackElo "2460"]

1.e4 c5 2.Nf3 d6 3.d4 cxd4 4.Nxd4 Nf6 5.Nc3 a6 6.g3 e5 7.Nde2 Be7 8.Bg2 O-O
9.O-O Nbd7 10.a4 b6 11.h3 Bb7 12.g4 b5 13.axb5 axb5 14.Rxa8 Qxa8 15.Ng3 b4
16.Nb5 Nxe4 17.Nxe4 Bxe4 18.Bxe4 Qxe4 19.Nxd6 Qc6 20.Nf5 Re8 21.Nxe7+ Rxe7
22.Bd2 Qb7 23.Be3 Re8 24.Qd6 Nf8 25.Rd1 Qf3 26.Kh2 Ng6 27.Qd5 e4 28.Rg1 Nf4
29.Bxf4 Qxf2+ 30.Rg2 Qxf4+ 31.Kg1 Qc1+ 32.Kh2 Qxb2 33.Re2 h6 34.Qc6 Qe5+
35.Kg2 Re6 36.Qc4 h5 37.Re3 Qf4 38.Qe2 hxg4 39.hxg4 Rh6 40.Kg1 Re6 41.Kg2 Re5
42.Kh1 g6 43.Kg2 Kg7 44.Kh3 Re8 45.Kg2 Rh8 46.Rg3 Qh6 47.Kf2 Qh1 48.Rg2 Rh2  0-1

[Event "Saint John op-1"]
[Site "Saint John"]
[Date "1988.??.??"]
[Round "?"]
[White "Popovic, Petar"]
[Black "Fong, Juan M"]
[Result "1-0"]
[WhiteElo "2570"]
[BlackElo "2220"]

1.e4 c5 2.Nf3 d6 3.d4 cxd4 4.Nxd4 Nf6 5.Nc3 a6 6.g3 Nc6 7.Bg2 Bd7 8.O-O g6
9.h3 Bg7 10.Be3 O-O 11.Nd5 e6 12.Nxf6+ Bxf6 13.Qd2 Qc7 14.c3 d5 15.exd5 exd5
16.Ne2 Be6 17.Bg5 Qe5 18.Bf4 Qh5 19.g4 Qh4 20.Bg3  1-0

[Event "Aosta op"]
[Site "Aosta"]
[Date "1989.??.??"]
[Round "?"]
[White "Mantovani, Renzo"]
[Black "Pigusov, Evgeny"]
[Result "1/2-1/2"]
[WhiteElo "2370"]
[BlackElo "2525"]

1.e4 c5 2.Nf3 d6 3.d4 cxd4 4.Nxd4 Nf6 5.Nc3 a6 6.g3 e5 7.Nde2 Be7 8.Bg2 O-O
9.O-O Nbd7 10.h3 b5 11.a4 b4 12.Na2 Rb8 13.c3 b3 14.Nb4 Bb7 15.Be3 Nxe4 16.Qxb3 Ndc5
17.Qc2 a5 18.Bxc5 dxc5 19.Rfd1 Qc7 20.Bxe4 Bxe4 21.Qxe4 cxb4 22.Rd5 bxc3
23.bxc3 Bf6 24.Rb5 h6 25.Rd1 Rbd8 26.Rxd8 Rxd8 27.h4 h5 28.Kg2 g6 29.Rb7 Qc5
30.Rb5 Qc7 31.Rb7 Qc8 32.Rb5 Qg4 33.Qxg4 hxg4 34.c4 e4 35.c5 Rd2 36.c6 Rc2
37.Rb8+ Kg7 38.Re8 Rxc6 39.Rxe4 Rc2 40.Nd4 Bxd4 41.Rxd4 f5 42.Rd5 Ra2 43.Rxa5 Ra1  1/2-1/2

[Event "Belgrade op"]
[Site "Belgrade"]
[Date "1989.??.??"]
[Round "4"]
[White "Janosevic, Dragoljub"]
[Black "Djurovic, Dejan"]
[Result "1/2-1/2"]
[WhiteElo "2340"]
[BlackElo "2270"]

1.e4 c5 2.Nf3 d6 3.d4 cxd4 4.Nxd4 Nf6 5.Nc3 a6 6.g3 e6 7.Bg2 Be7 8.O-O O-O
9.f4 Qc7 10.g4 Nc6 11.Nb3 Re8 12.g5 Nd7 13.f5 g6 14.Kh1 Nde5 15.fxe6 fxe6
16.Nd4 Bf8 17.Nxc6 Qxc6 18.Ne2 Bg7 19.Nd4 Qc7 20.a4 Bd7 21.c3 Rf8 22.Rxf8+ Rxf8
23.Qe2 Qc4 24.Qxc4 Nxc4 25.Kg1 Be5 26.b3 Na5 27.Rb1 Bf4 28.Bh3 Bxc1 29.Rxc1 Rf4
30.Re1 Rh4 31.Bxe6+ Bxe6 32.Nxe6 Kf7 33.Nd4 Rg4+ 34.Kf2 Rxg5 35.Re3 Nc6  1/2-1/2